Không có thần thoại : Tổng thống Đại Hàn Dân QuốcLee Myung-Bak /

שמור ב:
מידע ביבליוגרפי
מחבר ראשי: Lee Myung-Bak.
פורמט: Sách giấy
שפה:Vietnamese
יצא לאור: H. : Hội hữu nghị Hàn-Việt, 2009.
נושאים:
תגים: הוספת תג
אין תגיות, היה/י הראשונ/ה לתייג את הרשומה!
Thư viện lưu trữ: Thư viện Trường Đại học Đà Lạt
LEADER 00823nam a2200325 4500
001 DLU110115868
005 ##20110215
040 # # |a DLU  |b vie 
041 # # |a vie 
044 # # |a vn 
082 # # |a 923.1  |b LY-B 
100 # # |a Lee Myung-Bak. 
245 # # |a Không có thần thoại :  |b Tổng thống Đại Hàn Dân QuốcLee Myung-Bak /  |c Lee Myung-Bak. 
260 # # |a H. :  |b Hội hữu nghị Hàn-Việt,  |c 2009. 
300 # # |a 353 tr. ;  |c 22 cm. 
653 # # |a Chính trị gia 
653 # # |a Lee Myung-Bak, 1941- 
653 # # |a Nhân vật lịch sử 
653 # # |a Tiểu sử 
923 # # |a 18/2010 
991 # # |a SH 
992 # # |a 54000 
994 # # |a DLU 
900 # # |a True 
911 # # |a Đào Thị Thu Huyền 
925 # # |a G 
926 # # |a A 
927 # # |a SH 
980 # # |a Thư viện Trường Đại học Đà Lạt